000 00913nas a2200313 4500
001 BR2014008133
003 BR-BrBNA
005 20231205124841.0
007 ta
008 230509b bl.|||p| |||| 00| 00por d
040 _aBR-BrBNA
_bpor
_cBiblioteca Nacional de Agricultura
041 _a(En)
072 _aQ52; Q55
100 1 _aNeres, M.A.
100 1 _aHermes, P.R.
100 1 _aAmes, J.P.
100 1 _aZambom, M.A.
100 1 _aCastagnara, d.D.
100 1 _aSouza, L.C. de
245 1 _aUse of additives and pre-wilting in tifton 85 bermudagrass silage production
650 _aGRAMÍNEA TROPICAL
650 _aSILAGEM
650 _aRUMINANTE
650 _aVALOR NUTRITIVO
650 _aADITIVO
773 0 _tCiência e Agrotecnologia (Brazil)
_xISSN 1413-7054
_g(Jan-Feb 2014), v. 38(1) p. 85-93
_wBR2014008133
909 _a202311
_bLúcia
_c55
_dLúcia Elande
942 _2AGRIS
_n0
_cANA
999 _c241234
_d241234